[Event "Zlatni otok Krk Open 2020"]
[Site "Malinska"]
[Date "2020.11.05"]
[Round "1.10"]
[White "Sundac, Ivano"]
[Black "Horvat, Damjan"]
[Result "0-1"]
[WhiteElo "1613"]
[BlackElo "2155"]
[Annotator "TA"]
[PlyCount "244"]
[EventDate "2020.11.05"]
[EventType "swiss"]
[EventCountry "CRO"]
[SourceTitle "playchess.com"]
[Source "ChessBase"]
[SourceQuality "1"]
[WhiteTeamCountry "CRO"]
[BlackTeamCountry "CRO"]

{[%evp 9,244,0,48,-10,-6,0,0,-10,-4,-16,41,41,34,42,73,73,71,61,90,73,87,54,54,62,100,0,34,39,35,-46,-43,-40,-35,-40,-41,-38,-30,-32,-32,-32,-40,-43,-18,-47,-42,-51,0,0,0,-43,-52,-43,-42,-61,-46,-55,-43,-39,-21,-17,0,-46,0,-49,-41,-66,-46,-54,-26,-54,-47,-53,-16,-70,-66,-60,-66,-156,-153,-146,-79,-140,-58,-97,0,-132,-39,-126,0,-121,-48,-154,-69,-121,-67,-91,-31,-47,-40,-111,-69,-149,-69,-101,-21,-79,-47,-37,-37,-37,-38,-69,0,-42,0,-69,0,-69,-18,-72,-58,-62,-2,-38,-45,-302,-293,-311,-294,-280,-193,-189,-190,-233,-133,-354,-265,-431,-341,-305,-172,-304,-343,-518,-287,-441,-449,-303,-262,-317,-8,-8,-8,-55,-55,-55,-55,-772,-683,-1419,-1418,-1337,-1319,-2477,-2958,-3043,-3319,-2629,-2112,-1395,-468,-410,-404,-251,-8,-8,-8,-8,-8,-3021,-2706,-2735,-1983,-2535,-2528,-2017,-2017,-2054,-384,-700,-486,-3908,-2882,-6399,-5531,-29956,-6336,-29976,-29977,-29977,-29978,-29980,-264,-264,-8,-8,-8,-8,-8,-29975,-29976,-29977,-29978,-29977,-29979,-29979,-29980,-29980,-8,-29981,-29982,-29982,-29983,-29983,-29984,-29984,-29985,-29985,-29986,-29986,-29987,-29987,-29986,-29985,-29987,-29987,-29987]} 1. d4 d5 2. Bf4 Nf6 3. e3 e6 4. Nf3 Bd6 5. Ne5 c5 6. Nd2 {D02: 1 d4 d5 2 Nf3 sidelines, including 2...Nf6 3 g3 and 2...Nf6 3 Bf4.} (6. Bb5+ $14 Ke7 7. dxc5 Bxc5 8. O-O) 6... Qc7 7. c3 Nbd7 8. Ndf3 {The position is equal.} Ne4 9. Bd3 f6 (9... cxd4 $11 10. cxd4 Qa5+ 11. Kf1 f6) 10. Nxd7 $14 Bxd7 {[#]} 11. Bxe4 $146 {Strongly threatening Bxd6.} ({Predecessor:} 11. Bxd6 Qxd6 12. Qc2 Bc6 13. O-O c4 14. Be2 O-O 15. Nd2 e5 16. f3 Nxd2 17. Qxd2 exd4 18. exd4 {1-0 (44) Hiebner,C (1561)-Karner,S (1707) Playchess.com INT 2020}) 11... dxe4 12. Bxd6 Qxd6 13. Nd2 Bc6 14. Qh5+ $1 Ke7 15. Qxc5 (15. Qg4 {keeps more tension.} Rag8 16. Nxe4 h5 17. Qg6 Qb8 18. f3) 15... Qxc5 16. dxc5 a5 17. O-O (17. a4 $16) 17... a4 (17... Rhd8 $5 {[%cal Rd8d2]} 18. Rfd1 Rd5 $11) 18. Rfd1 Ra5 19. Nc4 (19. b4 $14 axb3 20. axb3) 19... Rxc5 $15 20. Na3 Ra8 21. Nc2 Bd5 22. Rd2 Rb5 23. Na3 Rb6 24. c4 Bc6 25. Rb1 Rb4 26. Rbd1 Rc8 27. Rc1 Bd5 28. Rdc2 Bc6 29. Rd2 g5 30. g3 f5 31. Kg2 h6 32. Rcc2 Kf6 33. Rc1 Ke5 34. Rc3 Kf6 35. Rc1 Ke7 36. Rcc2 h5 37. Rc1 Kf6 38. Rcc2 Kf7 39. Rc1 Ke7 40. Rcc2 f4 41. Rc1 (41. gxf4 $11 gxf4 42. h3) 41... f3+ 42. Kg1 h4 43. Rcc2 (43. gxh4 $15 gxh4 44. Kh1) 43... hxg3 $1 $17 44. fxg3 Kf6 ({Better is} 44... g4 45. Rd1 Be8) 45. Kf2 (45. h3 $142) 45... Rb6 (45... g4 $17 46. Rd4 Ke7) 46. Rd4 Rb4 47. Rdd2 Ke5 (47... g4 $17 48. Rd4 Ke7) 48. Rc3 (48. g4 $1 $15) 48... Kf6 49. Rcc2 Rc7 (49... g4 $17 50. Rd4 Ke7) 50. Rc3 (50. g4 $15) 50... Ke7 (50... g4 $17 51. Rcc2 Ke7) 51. Rcc2 (51. g4 $1 $15) 51... Be8 (51... g4 $1 $17 52. c5 Rc8) 52. Rd4 Rd7 (52... Rc5 $17) 53. Rxd7+ $15 Bxd7 {[%mdl 4096] Endgame KRB-KRN} 54. Rd2 (54. h4 $15) 54... Bc6 55. Kg1 (55. h3 $15) 55... Kf6 (55... g4 $1 $17 56. Kf2 e5) 56. Kf2 Ke5 ({Black should play} 56... g4 $17) 57. Kg1 (57. g4 $11 {keeps the balance.}) 57... Kf5 58. h3 Kf6 59. Kf2 Be8 60. g4 Bf7 (60... e5 $15) 61. Kg3 e5 62. Rc2 (62. Nb5 $1 $11) 62... Rb6 (62... Kg7 $15) 63. Rd2 (63. Nb5 $1 $11) 63... Ke7 (63... Kg7 $15) 64. Kf2 (64. Nb5 $1 $11 {remains equal.}) 64... Rh6 65. Kg3 Rc6 (65... Ra6 $1 $15) 66. Rc2 Rd6 67. Kf2 $2 {[%mdl 8192]} (67. Nb1 $15) 67... Rd1 $19 68. b3 Rh1 69. Kg3 Rg1+ 70. Kf2 Ra1 {White must now prevent ...axb3.} 71. bxa4 Kd6 (71... Rh1 $19 72. Kg3 Rg1+ 73. Kf2 Rg2+ 74. Ke1 Rg3) 72. Rd2+ $2 (72. c5+ $17 Kc6 73. Nb5) 72... Kc5 73. Rb2 $2 (73. Nb5 {was the only chance.} Bxc4 {[%mdl 64] Double Attack} 74. Nc3) 73... Be8 74. Nb1 {Nd2 is the strong threat.} Kxc4 (74... Bc6 $142 75. a5 Kxc4) 75. a5 (75. Rc2+ $142 Kb4 76. Rb2+ Kc5 77. Nd2) 75... Bc6 76. a3 (76. Rc2+ $142 Kb5 77. Rb2+ Kxa5 78. Nd2) 76... Kc5 77. Kg3 (77. Rc2+ {was forced.} Kb5 78. Rb2+ Kc5 79. Rc2+ Kb5 80. Rb2+ Kxa5 81. Nd2) 77... Bd5 78. Rc2+ Kd6 79. Rb2 Ra2 $2 (79... Bc4 $19 80. Nc3 Bd3) 80. Rxa2 $11 Bxa2 {KB-KN} 81. Nc3 (81. Nd2 $5 {[%cal Rd2e4]} Bd5 82. Kf2 $15) 81... Bd5 $1 82. Na4 $1 Kc6 83. Nb2 $2 {[%mdl 8192]} (83. Nb6 $15) 83... Kb5 $19 84. a6 Kxa6 85. Kf2 Kb5 86. Ke1 Bb3 87. Kf2 Ka5 88. h4 gxh4 89. g5 Kb5 (89... b5 $142 90. g6 b4) 90. g6 Kc5 91. g7 Kd6 $2 {[#]} ({Black should try} 91... Bg8 $19 {Threatens to win with ...b5.} 92. Na4+ Kc4 93. Nb6+ Kc3) 92. Na4 $1 $11 {[%mdl 512]} Ke7 (92... b5 $5 93. Nc3 $8 Ke7 $11) (92... Bxa4 93. g8=Q) 93. Nc5 $1 {[%cal Rc5b3]} Bd5 {[#] aiming for ...Kf7.} 94. Nxb7 $2 {[%mdl 8192]} (94. Nxe4 $1 $11 {[%mdl 512]} b6 (94... Bxe4 95. g8=Q) 95. Ng5) 94... Kf6 $19 95. Nd6 Kxg7 96. Nb5 Kf6 97. Nc3 Ba8 98. Kg1 Kf5 $2 (98... Ke6 99. Kh2 Kd6) 99. Nd1 $2 (99. a4) 99... Ke6 100. Kf2 (100. Nc3 $142 Bc6 101. Kh2) 100... Kd5 101. Nb2 Bc6 102. Kg1 h3 103. Nd1 Kc4 104. Nf2 Bd7 105. a4 Kb4 $2 (105... Kc3 106. Kh2 Kd2 107. Nxe4+ Kxe3 108. Ng3 f2 109. a5 e4 110. a6 Kd3 111. a7 Bc6 112. a8=B Bxa8 113. Kxh3 e3 114. Kg4 e2 115. Nxe2 Kxe2 116. Kf5 f1=Q+ 117. Ke6 Qf4 118. Ke7 Qe5+ 119. Kd7 Be4 120. Kd8 Qd6+ 121. Kc8 Qe7 122. Kb8 Qb7#) 106. Nxe4 Bxa4 $2 (106... Bf5 $1 $19 {[%cal Rf5e4]} 107. Ng3 Bd3) 107. Ng5 $1 $11 Bd7 {Hoping for ...Bg4.} 108. Nxf3 e4 109. Nh2 $2 {[%mdl 8192]} (109. Ng5 $11) 109... Kc3 110. Kf2 Kd3 111. Nf1 Bg4 112. Ng3 {[#]} Bf3 $1 113. Nf1 Bg2 $2 (113... Bh5 {mates} 114. Kg1 Be2 115. Ng3 Kxe3 116. Nf5+ Kf4 117. Nd4 Bg4 118. Kh2 e3 119. Nb3 e2 120. Nc1 Ke3 121. Nxe2 Kxe2 122. Kg3 Bc8 123. Kh4 h2 124. Kg5 h1=Q 125. Kg6 Qg1+ 126. Kf6 Kd3 127. Kf7 Qg5 128. Kf8 Be6 129. Ke8 Qg7 130. Kd8 Qd7#) 114. Nh2 $2 {[%mdl 8192] [#]} (114. Ng3 $11) 114... Kd2 $1 {[%cal Rd2c3] Black mates.} 115. Ng4 Bf3 116. Nh2 Be2 117. Kg3 Kxe3 118. Kxh3 Kf2 119. Kh4 e3 120. Kg5 Bh5 {[%mdl 64] Clearance, Promotion} 121. Kxh5 e2 122. Ng4+ Kg3 {Av CentiPawn Loss W=-96/B=-92. Weighted=-109/-88} 0-1

[Event "Zlatni otok Krk Open 2020"]
[Site "Malinska"]
[Date "2020.11.06"]
[Round "2.1"]
[White "Horvat, Damjan"]
[Black "Doric, Darko"]
[Result "1-0"]
[WhiteElo "2155"]
[BlackElo "2484"]
[Annotator "ChessBase"]
[PlyCount "57"]
[EventDate "2020.11.05"]
[EventType "swiss"]
[EventCountry "CRO"]
[SourceTitle "playchess.com"]
[Source "ChessBase"]
[SourceQuality "1"]
[TimeControl "5400+30"]

1. Nf3 {[%emt 1:30:30]} d5 {[%emt 0:05:26]} 2. b3 {[%emt 0:00:00]} Bg4 {[%emt 0:03:13]} 3. g3 {[%emt 0:00:00]} Bxf3 {[%emt 0:00:50]} 4. exf3 {[%emt 0:00:00]} Nf6 {[%emt 0:00:03]} 5. Bg2 {[%emt 0:00:00]} g6 {[%emt 0:00:21]} 6. f4 {[%emt 0:00:00]} Bg7 {[%emt 0:00:10]} 7. Bb2 {[%emt 0:00:00]} e6 {[%emt 0:00:19]} 8. d3 {[%emt 0:00:00]} O-O {[%emt 0:00:17]} 9. Nd2 {[%emt 0:00:00]} c5 {[%emt 0:00:21]} 10. O-O {[%emt 0:00:00]} Nc6 {[%emt 0:00:09]} 11. c3 {[%emt 0:00:00]} Nd7 {[%emt 0:03:34]} 12. Qc2 {[%emt 0:00:00]} b5 {[%emt 0:02:28]} 13. c4 {[%emt 0:00:00]} Nb4 {[%emt 0:13:01]} 14. Qb1 {[%emt 0:00:00]} Bxb2 {[%emt 0:01:38]} 15. Qxb2 {[%emt 0:00:00]} Qf6 {[%emt 0:05:20]} 16. d4 {[%emt 0:00:00]} bxc4 {[%emt 0:07:50]} 17. bxc4 {[%emt 0:00:00]} Rab8 {[%emt 0:00:13]} 18. Rab1 {[%emt 0:00:00]} Qxd4 {[%emt 0:08:59]} 19. Qxd4 {[%emt 0:00:00]} cxd4 {[%emt 0:00:02]} 20. cxd5 {[%emt 0:00:00]} exd5 {[%emt 0:02:05]} 21. Rb2 {[%emt 0:00:00]} d3 {[%emt 0:10:46]} 22. Rfb1 {[%emt 0:00:00]} Rb6 {[%emt 0:00:54]} 23. Rxb4 {[%emt 0:00:00]} Rc8 {[%emt 0:00:39]} 24. Rxb6 {[%emt 0:00:00]} Nxb6 {[%emt 0:00:03]} 25. Rb3 {[%emt 0:00:00]} Rc1+ {[%emt 0:00:13]} 26. Bf1 {[%emt 0:00:00]} Rc2 {[%emt 0:00:02]} 27. Rxd3 {[%emt 0:00:00]} Rxa2 {[%emt 0:00:04]} 28. Bg2 {[%emt 0:00:00]} Ra5 {[%emt 0:00:11]} 29. Nf1 {[%emt 0:00:00]} 1-0

[Event "Zlatni otok Krk Open 2020"]
[Site "Malinska"]
[Date "2020.11.06"]
[Round "2.2"]
[White "Martic, Zlatko"]
[Black "Soldo, Josip"]
[Result "1/2-1/2"]
[WhiteElo "2298"]
[BlackElo "2102"]
[Annotator "TA"]
[PlyCount "42"]
[EventDate "2020.11.05"]
[EventType "swiss"]
[EventCountry "CRO"]
[SourceTitle "playchess.com"]
[Source "ChessBase"]
[SourceQuality "1"]

{[%evp 20,42,32,0,0,0,0,0,0,0,0,0,0,0,0,0,0,0,0,0,0,0,0,0,0]} 1. d4 Nf6 2. c4 g6 3. Nc3 Bg7 4. e4 d6 5. Nf3 O-O 6. Be2 e5 7. O-O exd4 8. Nxd4 Nc6 9. Nc2 Re8 10. f3 Nh5 11. g4 Be5 {The position is equal. E94: King's Indian: Classical: 6 Be2 e5 7 0-0: Various Black 7th moves.} 12. gxh5 {And now Rf2 would win.} Bxh2+ $1 13. Kxh2 Qh4+ {[%mdl 64] [#] Double Attack} 14. Kg1 Qg3+ 15. Kh1 Qh3+ 16. Kg1 Qg3+ 17. Kh1 Re5 {[%cal Re5h5]} 18. f4 {[#]} Rxh5+ $146 {[%mdl 64] [#] Decoy} ({Predecessor:} 18... Qh3+ 19. Kg1 Qg3+ {½-½ (19) Mirzoev,A (2556)-Guliev,L (2389) Urmia 2015}) 19. Bxh5 Qh3+ {[%mdl 64] Double Attack} 20. Kg1 Qg3+ 21. Kh1 Qh3+ {[%mdl 64] Double Attack. A rather calm draw.} 1/2-1/2

[Event "Zlatni otok Krk Open 2020"]
[Site "Malinska"]
[Date "2020.11.06"]
[Round "2.3"]
[White "Stocko, Josip"]
[Black "Mazuran, Gabrijel"]
[Result "1/2-1/2"]
[WhiteElo "2241"]
[BlackElo "2058"]
[Annotator "TA"]
[PlyCount "112"]
[EventDate "2020.11.05"]
[EventType "swiss"]
[EventCountry "CRO"]
[SourceTitle "playchess.com"]
[Source "ChessBase"]
[SourceQuality "1"]

{[%evp 9,112,-31,-10,-62,-56,-67,-53,-95,-78,-102,-78,-73,-79,-81,-85,-64,35,42,69,-33,-37,-24,0,0,0,-86,-65,-58,-60,-94,-75,-83,-61,-66,-64,-110,-107,-112,-104,-105,-112,-130,-47,-50,-27,-106,-120,-339,0,0,17,14,56,70,56,47,68,53,144,149,211,206,195,199,213,200,205,155,179,227,216,208,188,13,120,147,238,215,216,214,299,299,299,277,275,267,246,0,0,0,0,0,0,0,0,0,0,0,0,0,0,-28000,-28000,-28000,-28000]} 1. e4 c5 2. Na3 e6 3. c3 d5 4. d3 Nc6 {[#]} 5. Qe2 $146 ({Predecessor:} 5. f4 dxe4 6. dxe4 Qxd1+ 7. Kxd1 Nf6 8. Bd3 a6 9. Nc4 b5 10. Nb6 Rb8 11. Nxc8 Rxc8 {1-0 (42) Bauer,C (2630)-Fecker,N (2209) Switzerland 2018}) 5... d4 6. c4 {B31: Sicilian: 2...Nc6 3 Bb5 g6.} (6. f4 $11) 6... e5 $15 7. g3 Bd6 8. Bg2 {Black is slightly better.} Nge7 9. Nh3 O-O 10. O-O a6 11. Bd2 Rb8 12. f4 f5 (12... exf4 $15 13. gxf4 f6) 13. exf5 $1 $14 Bxf5 14. Ng5 ({White has to play} 14. g4 $1 $14 Bd7 15. f5) 14... h6 $15 15. Ne4 Bxe4 16. Qxe4 exf4 17. gxf4 (17. Nc2 $11) 17... Nf5 18. Nc2 Rf6 19. Bh3 Qf8 20. Rae1 Kh8 21. Re2 Qf7 22. Bg2 Rf8 23. a3 Nh4 24. b4 Nxg2 ({Much weaker is} 24... Bxf4 $6 25. Rxf4 Rxf4 26. Qxf4 $11) 25. Kxg2 Qh5 (25... b6 $1 $17 26. Kh1 Ne5 $1 {[%mdl 512]}) 26. bxc5 $1 Bxc5 27. Rf3 (27. Kh1 $11) 27... Ne7 $17 28. Nxd4 $2 (28. Rh3 $17 Rg6+ 29. Rg3) 28... Bxd4 $2 ({Better is} 28... Ng6 $19 29. Rff2 Rd8) 29. Qxe7 $11 Bc5 30. Qe4 R6f7 {Black wants to play ...Re7.} 31. Rh3 $1 {[%cal Rh3h5]} Qg4+ 32. Rg3 Qd7 33. Bc3 $36 {[%mdl 2048] Black is under pressure.} Bxa3 ({Black should play} 33... Bd6 $14) 34. Qg6 $16 Qc6+ (34... Kg8 $16 {was necessary.}) 35. Qxc6 $18 bxc6 36. Re6 $1 {[%cal Re6h6] And now Rxh6+ would win.} Kh7 37. Rxc6 Bc1 38. f5 Re8 39. Rxa6 Re2+ {[#]} 40. Kf3 $1 {[%cal Rf3e2]} Rxh2 {[#]} 41. f6 $2 (41. Be5 $1 $18 Rc2 42. Ke4) 41... Bg5 (41... gxf6 $1 $11 {keeps the balance.} 42. Ra8 (42. Rxf6 Rd7 $14) 42... Rc2) 42. Ke4 $16 Re2+ (42... Rd7 $16 43. Rf3 (43. fxg7 Re2+ 44. Kf3 Re3+ {[%mdl 64] Double Attack} 45. Kf2 Rxg3 $11) 43... Rc2) 43. Kd5 $18 gxf6 44. c5 f5 45. Be5 f4 46. Rf3 Re3 47. Rxe3 fxe3 {[%mdl 4096] Endgame KRB-KRB} 48. Bg3 $2 (48. Ra4 $18) 48... e2 $11 {Strongly threatening ...Rf3.} 49. Re6 {Threatens to win with d4.} Rf3 {[%mdl 64] Double Attack} 50. Be1 {d4 is the strong threat.} Rxd3+ 51. Kc4 Re3 52. Rxe3 Bxe3 53. c6 {Black must now prevent c7.} Bb6 54. Kd3 Kg6 55. Kxe2 $2 {[%mdl 8192]} (55. Bg3 $11) 55... Kf6 56. Kf3 Ke5 {[%mdl 32768] A wild game. Av CentiPawn Loss W=-42/B=-23. Weighted=-36/-21. An unexpected result.} 1/2-1/2

[Event "Zlatni otok Krk Open 2020"]
[Site "Malinska"]
[Date "2020.11.06"]
[Round "2.4"]
[White "Vidovic, Mario"]
[Black "Lohia, Sohum"]
[Result "1-0"]
[WhiteElo "2225"]
[BlackElo "1993"]
[Annotator "TA"]
[PlyCount "90"]
[EventDate "2020.11.05"]
[EventType "swiss"]
[EventCountry "CRO"]
[SourceTitle "playchess.com"]
[Source "ChessBase"]
[SourceQuality "1"]

{[%evp 17,90,0,0,0,30,32,24,21,29,10,18,22,27,22,43,59,47,39,35,47,52,42,60,44,33,20,37,20,49,23,59,39,91,100,84,81,78,56,61,51,141,139,151,150,289,133,133,140,140,133,441,413,395,391,546,541,522,512,1026,860,718,1026,1013,989,957,956,944,940,29966,1584,5289,4814,29988,29989,29990]} 1. Nf3 Nf6 2. d4 b6 3. Bf4 Bb7 4. e3 g6 5. h3 Bg7 6. Be2 O-O 7. O-O d6 8. c3 Nbd7 9. Nbd2 {9.Bh2 deserves study.} Qe8 10. a4 {A48: 1 d4 Nf6 2 Nf3 g6: Torre, London and Colle Systems.} a5 11. Bb5 c6 12. Be2 {White has an edge.} e5 13. Bh2 e4 {[#]} 14. Bxd6 $146 {Black must now prevent Ne5.} ({Predecessor:} 14. Ne1 Qe7 15. Qb3 Ne8 16. Nc2 Kh8 17. f3 d5 18. fxe4 dxe4 19. Qa3 c5 20. Bb5 {0-1 (41) Chemin,V (2115)-Cruz,W (2248) Curitiba 2018}) 14... exf3 15. Bxf3 Qe6 16. Bxf8 Bxf8 17. Qb3 Qxb3 18. Nxb3 Re8 19. Nd2 Ba6 20. Rfe1 c5 21. g3 Bd6 22. Kg2 Kf8 23. Rad1 Bd3 24. Rc1 Ne4 (24... g5 $14) 25. Nxe4 Bxe4 26. Bxe4 Rxe4 27. f3 Re8 28. e4 h5 ({Black should play} 28... Rb8 $14) 29. f4 c4 30. Kf3 f5 (30... b5 $16 {is a better defense.} 31. axb5 Rb8) 31. exf5 (31. e5 $18 {and the rest is easy.} Be7 32. g4) 31... gxf5 $16 32. Rxe8+ Kxe8 33. g4 h4 $2 {[%mdl 8192] Black cannot hold the game after this.} (33... fxg4+ $16 34. hxg4 hxg4+ 35. Kxg4 Kf7) 34. gxf5 Nf6 35. Re1+ Kd7 36. Re6 Nd5 37. Ke4 Ne7 (37... Nc7 $142 38. Rh6 Ne8) 38. Rh6 $18 Ng8 39. Rg6 Ne7 40. Rg7 Kc6 41. f6 Nd5 42. f7 {Intending Rg6! and mate.} Nxf4 {[#]} 43. Rg8 (43. d5+ $142 $1 {[%mdl 512]} Nxd5 {[#]} 44. Rg6 $1 {[%mdl 512]} Kd7 45. Rxd6+ $1 {[%mdl 576] Remove Defender, Promotion} Kxd6 46. f8=Q+ Ne7 47. Qd8+ {[%mdl 64] Double Attack} Ke6 48. Qxb6+ {[%mdl 64] Double Attack} Kf7 49. Qxa5) 43... Nd3 {[#]} 44. Rg6 $1 Nf2+ 45. Kf3 Kd5 {Av CentiPawn Loss W=-48/B=-115. Weighted=-38/-111} 1-0

[Event "Zlatni otok Krk Open 2020"]
[Site "Malinska"]
[Date "2020.11.06"]
[Round "2.5"]
[White "Balen, Teo"]
[Black "Vidovic, Sasa"]
[Result "0-1"]
[WhiteElo "2001"]
[BlackElo "2209"]
[Annotator "TA"]
[PlyCount "98"]
[EventDate "2020.11.05"]
[EventType "swiss"]
[EventCountry "CRO"]
[SourceTitle "playchess.com"]
[Source "ChessBase"]
[SourceQuality "1"]

{[%evp 9,98,3,2,-10,-9,-16,-11,-45,-35,-35,-11,-83,-46,-50,-35,-45,-37,-35,-39,-31,-32,-150,-76,-76,-66,-70,-72,-112,-118,-171,-172,-165,-145,-152,-152,-169,-139,-175,-160,-205,-200,-202,-193,-216,-186,-816,-186,-179,-182,-187,-185,-168,-101,-148,-139,-209,-205,-253,-205,-205,-184,-1343,-1337,-1341,-1286,-1111,-804,-1196,-811,-5289,-5027,-2380,-597,-29969,-29975,-29978,-29979,-29977,-29978,-29992,-29993,-29993,-29993,-29993,-29994,-29994,-29995,-29997,-29998,-29998,-29999]} 1. f4 Nf6 2. Nf3 d6 3. g3 c6 4. Bg2 Bg4 5. O-O {[#]} e5 $146 {[%mdl 512]} ({Predecessor:} 5... Bxf3 6. Bxf3 h5 7. e4 Nbd7 8. Nc3 e5 9. f5 g5 10. fxg6 fxg6 11. d3 Bh6 12. Bxh6 Rxh6 {1-0 (32) Petro,J (2141)-Makay,A (1891) Hungary 2008}) 6. fxe5 {A02: Bird's Opening.} dxe5 7. Kh1 Nbd7 8. b3 {The position is equal.} Be7 9. Bb2 Qc7 10. c4 (10. d3 $11 {remains equal.}) 10... O-O 11. Nc3 Rad8 12. Qc2 Bh5 13. Nh4 Rfe8 14. e3 Nc5 {[%cal Bd7c5,Bc5d3,Bd3b4][%mdl 32]} 15. Ba3 (15. d4 $15 Ne6 16. Ne4) 15... Bg6 (15... Nd3 $142 $1 16. Bxe7 Qxe7) 16. Nxg6 $17 hxg6 17. Rad1 Nd3 18. Bxe7 Rxe7 19. Bf3 (19. Be4 $17 {might work better.} Nxe4 20. Nxe4) 19... e4 $19 20. Be2 Nb4 21. Qb1 Qe5 $1 22. a3 Nd3 23. Qc2 Red7 24. b4 {[#]} Qe6 $1 25. Na4 b6 26. Nb2 Qh3 27. Qc3 $2 (27. Kg1) 27... Ng4 $2 (27... Nh5 {( -> ...Nxg3+)} 28. Bxh5 gxh5) 28. Bxg4 Qxg4 29. Nxd3 Rxd3 $40 {[%mdl 128] Black wants a kill.} 30. Qc2 f5 ({Better is} 30... Rxa3 $19 31. Rde1 Rdd3) 31. Kg1 Rxa3 32. c5 {[#]} (32. Rc1 $17 {was worth a try.}) 32... b5 $1 33. Ra1 Rxa1 34. Rxa1 {[%mdl 4096] Endgame KQR-KQR} Qe2 35. Ra2 $2 (35. Qd1 Rxd2 36. Qxe2 Rxe2 37. Ra3) 35... Qe1+ 36. Kg2 Kh7 37. Qb2 Rd7 38. Qc2 g5 39. Qb2 Qe2+ 40. Kg1 f4 (40... Qd1+ $142 41. Kg2 Rd3) 41. gxf4 gxf4 {Black mates.} 42. exf4 Qg4+ 43. Kh1 Qxf4 {[%cal Rf4f1]} 44. Kg1 Qg4+ 45. Kh1 Qf3+ 46. Kg1 Rd5 {[%cal Rd5g5]} 47. h4 Qg3+ {[%mdl 64] Double Attack} 48. Kf1 Rf5+ 49. Ke2 Qd3+ {Av CentiPawn Loss W=-42/B=-69. Weighted=-162/-105} 0-1

[Event "Zlatni otok Krk Open 2020"]
[Site "Malinska"]
[Date "2020.11.06"]
[Round "2.6"]
[White "Zadravec, Matija"]
[Black "Deris, Antun"]
[Result "1-0"]
[WhiteElo "2207"]
[BlackElo "1898"]
[Annotator "TA"]
[PlyCount "93"]
[EventDate "2020.11.05"]
[EventType "swiss"]
[EventCountry "CRO"]
[SourceTitle "playchess.com"]
[Source "ChessBase"]
[SourceQuality "1"]

{[%evp 9,93,0,24,0,37,-15,0,-10,14,8,12,33,27,8,56,23,30,24,22,31,22,23,35,38,71,62,61,24,61,14,68,76,62,71,95,95,95,98,101,89,93,93,95,93,93,81,81,81,81,81,81,84,85,84,84,84,86,83,83,81,89,86,102,97,129,131,129,133,139,141,411,379,410,410,409,396,400,387,412,396,475,475,526,518,483,446]} 1. d4 Nf6 2. Nf3 e6 3. Bf4 b6 4. Nbd2 Ba6 5. c4 c5 6. e3 {A47: 1 d4 Nf6 2 Nf3 b6: Torre, London and Colle Systems.} Be7 7. Be2 (7. d5 $14) 7... Bb7 8. dxc5 {[#] The position is equal.} Bxc5 $146 ({Predecessor:} 8... bxc5 9. O-O O-O 10. Qc2 d6 11. h3 Nbd7 12. Rfd1 Qb6 13. Ne1 Rfd8 14. Nd3 Nf8 {1-0 (36) Molinaroli,M (2270)-Stoering,V (2270) Muenster 1992}) 9. O-O O-O 10. Qc2 Nc6 11. Rad1 Re8 12. Bg5 Be7 13. Bxf6 Bxf6 14. Ne4 d5 15. Qb1 Ne5 16. cxd5 exd5 17. Nxf6+ Qxf6 18. Rd4 Rac8 19. Rfd1 Rc7 (19... Nc4 $11) 20. Nxe5 $14 Qxe5 21. Bf3 g6 22. Bxd5 Bxd5 23. Rxd5 Qf6 24. h3 Rec8 25. R5d2 Qe5 26. b3 Kg7 27. Qb2 Qxb2 28. Rxb2 $16 {[%mdl 4096] Endgame KRR-KRR} Rc2 29. Rd2 Rxb2 30. Rxb2 {KR-KR} Rc1+ 31. Kh2 Kf6 32. Kg3 Ke6 33. Kf4 h6 34. Rd2 Rc5 35. Ke4 Re5+ 36. Kd3 Rc5 37. Rc2 Rd5+ 38. Ke2 Rd7 39. g4 f5 $2 {[%mdl 8192] [#] Loses the game.} (39... Re7 $16 40. Rc8 h5 41. gxh5 gxh5) 40. Rc6+ $18 Kf7 41. gxf5 gxf5 42. Rxh6 Kg7 43. Rc6 Rb7 44. a4 a5 45. Kf3 {White is clearly winning.} b5 46. Rc5 bxa4 47. bxa4 {Av CentiPawn Loss W=-8/B=-18. Weighted=-7/-18} 1-0